Maailman epädemokraattisimmat maat - Statistics

Yleistilastot
  • Tätä visaa on pelattu 59 kertaa
  • Keskiarvotulos 14 / 20
Vastaustilastot
maanosa arvosana maa % Oikein
Eurooppa 2.03 Venäjä
94%
Aasia 1.96 Iran
91%
Aasia 1.08 Pohjois-Korea
91%
Aasia 0.25 Afganistan
81%
Afrikka 1.92 Kongon demokraattinen tasavalta
81%
Aasia 1.32 Syyria
79%
Eurooppa 1.99 Valko-Venäjä
79%
Afrikka 1.46 Sudan
68%
Aasia 1.95 Jemen
66%
Aasia 1.66 Turkmenistan
66%
Aasia 1.71 Laos
64%
Aasia 0.96 Myanmar
64%
Aasia 1.83 Tadžikistan
64%
Aasia 2.08 Saudi-Arabia
60%
Afrikka 1.89 Tšad
60%
Afrikka 1.97 Eritrea
57%
Afrikka 2.04 Guinea
51%
Afrikka 2.03 Guinea-Bissau
49%
Afrikka 1.18 Keski-Afrikan tasavalta
49%
Afrikka 1.92 Päiväntasaajan Guinea
45%
Ehtoja vastaavia visoja ei löytynyt
Tulosjakauma
Jokaisen tuloksen saaneiden osuus
Persentiili vastausten määrän mukaan
Tuloshistoriasi
Et ole pelannut tätä visaa